| 000 | 00694cam a2200241 a 4500 | ||
|---|---|---|---|
| 020 | _a9780821367513 (pbk.) | ||
| 020 | _a082136751X (pbk.) | ||
| 020 | _a9780821367520 (ebook) | ||
| 020 | _a0821367528 (ebook) | ||
| 040 | _cDLC | ||
| 082 | _a378 WOR 2007 A076 Or. | ||
| 245 | 0 | 0 | _aHow universities can promote economic growth / |
| 260 |
_aWashington, DC : _bWorld Bank, _c2007. |
||
| 300 |
_axxiv, 286 p. : _bill. ; _c23 cm. |
||
| 490 | 0 | _aDirections in development | |
| 650 | 0 | _aBusiness and education | |
| 650 | 0 | _aEconomic development | |
| 650 | 0 | _aTechnology transfer | |
| 650 | 0 | _aEducation and state | |
| 700 | 1 | _aYusuf, Shahid, | |
| 700 | 1 | _aNabeshima, Kaoru. | |
| 942 | _cEK | ||
| 999 |
_c15255 _d15255 |
||